| 000 | 00458nam a22001937a 4500 | ||
|---|---|---|---|
| 999 |
_c532515 _d532515 |
||
| 003 | NUST | ||
| 005 | 20191122123722.0 | ||
| 008 | 191122b ||||| |||| 00| 0 eng d | ||
| 020 | _a8123916116 | ||
| 024 | _a9788123916118 | ||
| 038 | _aMSOHAIL | ||
| 082 | _a0 | ||
| 100 |
_aGupta Rajiv _926084 |
||
| 245 | _aConstruction Planning And Technology | ||
| 250 | _a2nd | ||
| 260 |
_aNew Delhi _bCBS Publishers _cc2014 |
||
| 300 | _aP;414 | ||
| 942 |
_2ddc _cBK |
||